书目信息 |
| 题名: |
暴风雨
|
|
| 作者: | 莎士比亚 , 莎士比亚 著 ;鲍勒 , 帕克 , 张黎新 改写 | |
| 分册: | ||
| 出版信息: | 北京 外语教学与研究出版社 2010.06 |
|
| 页数: | 76页 | |
| 开本: | 21cm | |
| 丛书名: | ||
| 单 册: | ||
| 中图分类: | H319.4:I | |
| 科图分类: | ||
| 主题词: | 英语课--中小学--课外读物 , 英语 | |
| 电子资源: | ||
| ISBN: | 978-7-5600-9676-6 | |
| 000 | 01112nam0 2200313 450 | |
| 001 | 142151 | |
| 005 | 20110718103533.17 | |
| 010 | @a978-7-5600-9676-6@dCNY12.90 (含光盘) | |
| 016 | @aCN-A16-10-0078-0@b光盘 | |
| 100 | @a20100914d2010 demy0chiy50 ea | |
| 101 | 2 | @achi@aeng@ceng |
| 102 | @aCN@b110000 | |
| 105 | @aa z 000yy | |
| 106 | @ar | |
| 200 | 1 | @a暴风雨@dThe Tempest@f(英)莎士比亚(William Shakespeare)著@F(ying)sha shi bi ya(William Shakespeare)zhu@g(英)Bill Bowler改写@g(英)Andy Parker插图@g张黎新译@zeng@Abao feng yu |
| 210 | @a北京@c外语教学与研究出版社@d2010.06 | |
| 215 | @a76页@c彩图@d21cm@e光盘1片 | |
| 510 | 1 | @aTempest@zeng |
| 586 | @a | |
| 606 | 0 | @a英语课@x中小学@j课外读物 |
| 606 | 0 | @a英语 |
| 690 | @aH319.4:I@v5 | |
| 701 | 0 | @c(英)@a莎士比亚@c(Shakespeare, William@f1564~1616)@4著@Asha shi bi ya |
| 701 | 0 | @a莎士比亚@Asha shi bi ya@bWilliamShakespeare@4著 |
| 702 | 0 | @c(英)@a鲍勒@c(Bowler, Bill)@4改写@Abao le |
| 702 | 0 | @c(英)@a帕克@c(Parker, Andy)@4插图@Apa ke |
| 702 | 0 | @a张黎新@4译@Azhang li xin |
| 801 | 0 | @aCN@c20110610 |
| 905 | @dH319.4:I@eS07117@f5 | |
| 暴风雨=The Tempest/(英)莎士比亚(William Shakespeare)著/(英)Bill Bowler改写/(英)Andy Parker插图/张黎新译.-北京:外语教学与研究出版社,2010.06 |
| 76页:彩图;21cm+光盘1片 |
| ISBN 978-7-5600-9676-6:CNY12.90 (含光盘) |
| ● |
| 相关链接 |
|
|
|
正题名:暴风雨
索取号:H319.4:I/S07117
 
预约/预借
| 序号 | 登录号 | 条形码 | 馆藏地/架位号 | 状态 | 备注 |
| 1 | 884950 | 208849503 | 语言库209/209语言库 24排2列2层/ [索取号:H319.4:I/S07117] | 在馆 | |
| 2 | 884951 | 208849512 | 语言库209/209语言库 24排2列2层/ [索取号:H319.4:I/S07117] | 在馆 | |
| 3 | 884952 | 208849521 | 语言库209/209语言库 24排2列2层/ [索取号:H319.4:I/S07117] | 在馆 | |
| 4 | 884953 | 208849530 | 语言库209/209语言库 24排2列2层/ [索取号:H319.4:I/S07117] | 在馆 | |
| 5 | 884954 | 208849549 | 语言库209/209语言库 24排2列2层/ [索取号:H319.4:I/S07117] | 在馆 |